00884nam a22002537a 4500999001700000005001700017008004100034020001800075040002700093041000800120044000800128082001800136100003100154245005500185260004300240300003200283650004200315650001500357650003900372650003600411700003000447942001500477952013800492 c20510d2051020200104041805.0191018b xxu||||| |||| 00| 0 spa d a9780099535478 aCO-BoIAVH cCO-BoIAVH  aeng a-uk a363.737bB73c aBraungart, Michael eAutor aCradle to Cradle:bRemaking the Way We Make Things aGran bretaña:bVintage books,c2009. a192 Páginas:c20 x 13 cm. 0aContaminaciónxAspectos ambientales 0aEcología 0aConservación del medio ambiente. 0aProtección del medio ambiente aMcdonough, WilliameAutor 2ddccLIBRO 00102ddc40708GENERALaBogotabBogotad2019-10-18l0oLB-363.737 B73cp043615r2019-10-18 00:00:00tEj.1w2019-10-18xCanjeyLIBRO